| 000 | 00371 a2200157 4500 | ||
|---|---|---|---|
| 003 | Nust | ||
| 005 | 20170207153551.0 | ||
| 040 | _cNust | ||
| 082 | _a005.1 | ||
| 100 | _aAshraf, Zahid MSCS | ||
| 245 |
_aurdu font designing and its duplex communication _cZahid Ashraf, MSCS |
||
| 260 |
_bMCS _cApril 2000 |
||
| 300 | _a72 p | ||
| 538 | _aT1 and Shelf No 5 | ||
| 650 | _aMSCS Thesis | ||
| 942 | _cTHS | ||
| 999 |
_c188845 _d188845 |
||